| 000 | 00494nam a2200169Ia 4500 | ||
|---|---|---|---|
| 999 |
_c6267 _d6267 |
||
| 003 | OSt | ||
| 005 | 20200125111319.0 | ||
| 008 | 190216s9999||||xx |||||||||||||| ||und|| | ||
| 040 | _coclc | ||
| 082 |
_a658.404 _bSIN/P |
||
| 100 |
_a Singh, Narendra _91539 |
||
| 245 | 0 |
_aProject Management And Control / _cNarendra Singh |
|
| 250 | _a3rd ed. | ||
| 260 |
_bHimalaya Publishing House, _c2003. _aMumbai: |
||
| 300 | _a626p | ||
| 942 |
_cBK _2ddc _h658.404 _iSIN/P _k658.404 _mSIN/P |
||